00274nam a2200109Ia 4500008004100000082001300041100001900054245004700073250000800120260002800128300000800156191201s2013 xx 000 0 und d a004bTHC aTHAREJA, Reema 0aComputer Fundamentals and Programming in c a3rd c2013bOxfordaNEW DELHI a547